Persian to English Country Names #1 - Statistics

General Stats
  • This quiz has been taken 237 times
  • The average score is 16 of 20
Answer Stats
Persian Pronounce English % Correct
پرتغال Porteghal Portugal
98%
مراکش Marakesh Morocco
96%
سنگاپور Sangapur Singapore
93%
سوریه Surieh Syria
92%
فرانسه Faranseh France
90%
کامبوج Kamboj Cambodia
89%
بلغارستان Bolgharestan Bulgaria
86%
مکزیک Mekzik Mexico
84%
آرژانتین Arzhantin Argentina
82%
کره جنوبی Koreh Jonubi South Korea
82%
آلمان Alman Germany
81%
ایالات متحده Ealathat Motahdeh United States
79%
برمه Bermeh Myanmar
75%
مصر Mesr Egypt
74%
الجزایر Aljazaier Algeria
73%
هند Hend India
73%
لتونی Letoni Latvia
70%
اندونزی Andonezi Indonesia
67%
گرجستان Gorjestan Georgia
64%
یونان Yunan Greece
45%
No matching quizzes found
Score Distribution
Percent of People with Each Score
Percentile by Number Answered
Your Score History
You have not taken this quiz